Rutindel / (Record no. 29435)
[ view plain ]
| 000 -LEADER | |
|---|---|
| fixed length control field | 00550 a2200217 4500 |
| 001 - CONTROL NUMBER | |
| control field | sjds |
| 003 - CONTROL NUMBER IDENTIFIER | |
| control field | sjds |
| 005 - DATE AND TIME OF LATEST TRANSACTION | |
| control field | 20240423160325.0 |
| 008 - FIXED-LENGTH DATA ELEMENTS--GENERAL INFORMATION | |
| fixed length control field | 240423b |||||||| |||| 00| 0 spa d |
| 020 ## - INTERNATIONAL STANDARD BOOK NUMBER | |
| International Standard Book Number | 9788423695928 |
| 020 ## - INTERNATIONAL STANDARD BOOK NUMBER | |
| International Standard Book Number | 8423695921 |
| 040 ## - CATALOGING SOURCE | |
| Transcribing agency | sjds |
| 041 ## - LANGUAGE CODE | |
| Language code of text/sound track or separate title | spa |
| 100 1# - MAIN ENTRY--PERSONAL NAME | |
| Personal name | Navarro Torregrosa, Damaris |
| 245 ## - TITLE STATEMENT | |
| Title | Rutindel / |
| Statement of responsibility, etc. | Damaris Navarro, Daniel Montero Galan |
| 260 ## - PUBLICATION, DISTRIBUTION, ETC. (IMPRINT) | |
| Place of publication, distribution, etc. | Barcelona : |
| Name of publisher, distributor, etc. | Edebe, |
| Date of publication, distribution, etc. | 2012 |
| 300 ## - PHYSICAL DESCRIPTION | |
| Extent | 176 p. : |
| Other physical details | il. col. |
| Dimensions | 20 cm |
| 440 ## - SERIES STATEMENT/ADDED ENTRY--TITLE | |
| Title | Tucan ; |
| Number of part/section of a work | 6+ |
| 700 1# - ADDED ENTRY--PERSONAL NAME | |
| Personal name | Montero Galan, Daniel |
| 942 ## - ADDED ENTRY ELEMENTS (KOHA) | |
| Koha item type | Libro/Book |
| Withdrawn status | Lost status | Damaged status | Not for loan | Home library | Current library | Date acquired | Inventory number | Total Checkouts | Full call number | Barcode | Date last seen | Date checked out | Price effective from | Koha item type |
|---|---|---|---|---|---|---|---|---|---|---|---|---|---|---|
| San Juan Del Sur -- Mobile | San Juan Del Sur -- Mobile | 18/04/2024 | Inventory date: 27-2-25 | 2 | JI | 33016179 | 16/10/2024 | 21/05/2024 | 18/04/2024 | Libro/Book |